00265nam a22000977a 4500008004100000082002100041245003300062260004300095300000900138440002000147230620b xxu||||| |||| 00| 0 eng d a327.17bKAR 2006 aContemporary Security Policy bRoutledge Taylor & Francis Groupc2006 a208p n1v27x13523260